| 000 -LEADER |
| fixed length control field |
01068nam a22001457a 4500 |
| 008 - FIXED-LENGTH DATA ELEMENTS--GENERAL INFORMATION |
| fixed length control field |
250627b ||||| |||| 00| 0 eng d |
| 100 ## - MAIN ENTRY--PERSONAL NAME |
| Personal name |
Tripathy, Ishita G. |
| 245 ## - TITLE STATEMENT |
| Title |
Navigating the future of MSME finances |
| 260 ## - PUBLICATION, DISTRIBUTION, ETC. (IMPRINT) |
| Place of publication, distribution, etc |
Kurukshetra |
| 300 ## - PHYSICAL DESCRIPTION |
| Extent |
73(7), May, 2025: p.12-25 |
| 520 ## - SUMMARY, ETC. |
| Summary, etc |
MSMEs promote inclusive growth by stimulating multifaceted industrialization in backward and rural areas and contributing to reducing regional imbalances. The variegated nature of MSMEs can be gauged from their presence in diverse sectors such as food processing, textiles, auto components, hospitality, manufacturing of parts fir chandrayaan. MSMEs are one of the categories under priority sector lending(PSL) of banks. PSL needs to be 40% of Adjusted Net Bank Credit(ANBC) of domestic commercial banks, as per the Reserve Bank of India(RBI). Banks need to ensure that 7.5% of their ANBC, within the 40% target, is for Micro Enterprises. - Reproduced |
| 650 ## - SUBJECT ADDED ENTRY--TOPICAL TERM |
| Topical term or geographic name as entry element |
MSMEs, entrepreneurship, employment generation, GDP |
| 9 (RLIN) |
54810 |
| 942 ## - ADDED ENTRY ELEMENTS (KOHA) |
| Item type |
Articles |